| 000 | 00506nam a2200193Ia 4500 | ||
|---|---|---|---|
| 003 | LK-CoDNM | ||
| 005 | 20241203092416.0 | ||
| 008 | 010623t1969 xxu||||| |||| 00| 1 sin d | ||
| 040 |
_aLK-CoDNM _dLK-CoDNM _eLK-CoDNM |
||
| 041 | _asin | ||
| 080 |
_a294.342 _bGUN |
||
| 100 | _aGunasekara,B.A. | ||
| 245 | _aසාරාත්ථ සාධනී | ||
| 246 | _aSaratta Sadanee | ||
| 260 |
_bS.A.M.Silva _aAluthgama _c1969 |
||
| 300 | _b264p. : 18 cm | ||
| 650 | _aබුදු දහම | ||
| 942 | _cBK | ||
| 999 |
_c108018 _d108018 |
||